| 000 | 01205cam a22003617a 4500 | ||
|---|---|---|---|
| 003 | CHAP | ||
| 005 | 20220329142947.0 | ||
| 008 | 000929d1998 mx a r 00110 esp d | ||
| 010 | _a90158 | ||
| 011 | _a91130 | ||
| 020 | _a9706861297 | ||
| 035 | _a101688 | ||
| 040 | _cCHAP | ||
| 082 | 0 | 4 |
_a512 _bS8Y 2002 |
| 100 | 0 | 0 |
_aSwokowski, Earl W. _9110906 |
| 245 | 1 | 0 |
_aAlgebra y trigonometría con geometría analítica _c/por Earl W. Swokowski y Jeffery A. Cole |
| 250 | _a10ed. | ||
| 260 |
_aMéxico, D. F. : _bInternational Thomson, _c2002. |
||
| 300 |
_a890 p. : _bilus. ; gráfs. |
||
| 500 | _aTrad. de : Algebra and trigonometry with analytic geometry | ||
| 590 |
_aBATCH-UPD _b10 _c20130110 _lUCH01 _h0607 |
||
| 590 |
_aBATCH-UPD _b10 _c20130410 _lUCH01 _h0249 |
||
| 590 |
_aBATCH-UPD _b10 _c20130914 _lUCH01 _h1001 |
||
| 590 |
_aCONVERSION _b10 _c20130109 _lUCH01 _h1350 |
||
| 650 | 1 | 4 |
_aÁlgebra. _982391 |
| 650 | 1 | 4 |
_aGeometría analítica. _947654 |
| 650 | 1 | 4 |
_aTrigonometría. _9115144 |
| 700 | 0 |
_aCole, Jeffery A. _924633 |
|
| 901 | _aBK | ||
| 905 | _aAlejandra Carrasco M. | ||
| 942 | _cLIBRO | ||
| 949 |
_a512 S8Y 2002 _bBC _cLIBRO _d33724000799433 _eLIBRO _h105337 _i101688 _kI. c/e _si _t$ 295.00 |
||
| 999 |
_c90158 _d90158 |
||